| 000 | 01067cam a2200337 i 4500 | ||
|---|---|---|---|
| 999 |
_c200450063 _d68275 |
||
| 001 | 200450063 | ||
| 003 | TR-AnTOB | ||
| 005 | 20220923154351.0 | ||
| 007 | ta | ||
| 008 | 020115s1995 tu b 000 0 tur d | ||
| 035 | _a(TR-AnTOB)200450063 | ||
| 040 |
_aBGZ _beng _erda _cBGZ _dTR-AnTOB |
||
| 041 | 0 | _atur | |
| 050 | 4 |
_aTL545 _b.H38 1995 |
|
| 090 |
_aTL545 _b.H38 1995 |
||
| 245 | 0 | 0 |
_aHavacılıkta bilim-teknoloji-sanayi politikaları : _bTürkiye için öneriler. |
| 264 | 1 |
_a[Ankara] : _bTÜBİTAK, _cc1995. |
|
| 300 |
_a25 pages ; _c30 cm |
||
| 336 |
_atext _btxt _2rdacontent |
||
| 337 |
_aunmediated _bn _2rdamedia |
||
| 338 |
_avolume _bnc _2rdacarrier |
||
| 490 | 0 |
_aBilim ve Teknoloji Strateji ve Politika Çalışmaları TÜBİTAK BTP ; _v95/03 |
|
| 500 | _a"Ekim 1995." | ||
| 504 | _aBIB | ||
| 650 | 7 |
_aHavacılık _2etuturkob _924077 |
|
| 650 | 7 |
_aHavacılık _zTürkiye _2etuturkob _9129263 |
|
| 710 | 2 |
_aTürkiye Bilimsel ve Teknolojik Araştırma Kurumu _970794 |
|
| 942 |
_2lcc _cBK |
||